عقد الاجارة المنتهية بالتمليك : دراسة مقارنة فى الفقه الاسلامى والقانون الماليزى /
محفوظ في:
| المؤلف الرئيسي: | |
|---|---|
| مؤلفون آخرون: | |
| التنسيق: | أطروحة |
| اللغة: | Arabic |
| منشور في: |
Gombak, Selangor :
al-Jami'ah al-Islamiyah al-'Alamiyah bi-Maliziya,
2004.
|
| الموضوعات: | |
| الوصول للمادة أونلاين: | http://studentrepo.iium.edu.my/handle/123456789/8196 |
| الوسوم: |
إضافة وسم
لا توجد وسوم, كن أول من يضع وسما على هذه التسجيلة!
|
| LEADER | 025390000a22004450004500 | ||
|---|---|---|---|
| 001 | 305759 | ||
| 005 | 20230420114219.0 | ||
| 008 | 050202s2004 my g 000 0 ara d | ||
| 035 | |a (Sirsi) 305759 | ||
| 040 | |a UIAM |b eng | ||
| 041 | 0 | |a ara | |
| 050 | 0 | 4 | |a BP158.6.P226 |
| 100 | 0 | |a هاما، زكريا |9 35367 | |
| 242 | 1 | 0 | |a 'Aqd al-ijarah al-muntahiyah bi al-tamlik ; dirasah muqaranah fi al-fiqh al-Islami wa al-qanun al-Malizi |
| 245 | 1 | 0 | |a عقد الاجارة المنتهية بالتمليك : دراسة مقارنة فى الفقه الاسلامى والقانون الماليزى / |c اعداد زكريا هاما |
| 260 | |a Gombak, Selangor : |b al-Jami'ah al-Islamiyah al-'Alamiyah bi-Maliziya, |c 2004. | ||
| 300 | |a 200 leaves. ; |c 30 cm. | ||
| 336 | |2 rdacontent | ||
| 337 | |2 rdamedia | ||
| 338 | |2 rdacarrier | ||
| 500 | |a Abstracts in English and Arabic | ||
| 502 | |a " ... for the degree of Master of Comparative Laws (MCL) "--Approval page | ||
| 502 | |a Thesis (MCL)--International Islamic University Malaysia, 2004 | ||
| 530 | |a Also available on 3 1/2 in. computer disk | ||
| 650 | 0 | |a Conditional sales (Islamic law) |z Malaysia |9 35368 | |
| 650 | 0 | |a Conditional sales (Islamic law) |9 11596 | |
| 650 | 0 | |a Sales, Conditional |z Malaysia |9 35369 | |
| 655 | 0 | 7 | |a Theses, IIUM local |
| 690 | 0 | |a Dissertations, Academic |x Department of Islamic Law |z IIUM |9 18638 | |
| 700 | 1 | |a Hama, Zakariya |9 35370 | |
| 730 | |a 'Aqd al-ijarah al-muntahiyah bi al-tamlik ; dirasah muqaranah fi al-fiqh al-Islami wa al-qanun al-Malizi (Computer file) |9 35371 | ||
| 856 | 4 | |u http://studentrepo.iium.edu.my/handle/123456789/8196 | |
| 900 | |a ami-naw | ||
| 942 | |2 lcc |n 0 | ||
| 999 | |c 431724 |d 463927 | ||
| 952 | |0 0 |6 T BP 158.6 P36 Z21A 2004 |7 0 |8 THESES |9 753246 |a IIUM |b IIUM |c MULTIMEDIA |g 0.00 |o t BP 158.6 P36 Z21A 2004 |p 00000911837 |r 2017-10-17 |t 1 |v 0.00 |y THESIS | ||
| 952 | |0 0 |6 T BP 000158.6 P226Z21A 2004 |7 0 |8 THESES |9 753247 |a IIUM |b IIUM |c MULTIMEDIA |g 0.00 |o t BP158.6P226Z21A 2004 |p 00000911836 |r 2017-10-17 |t 1 |v 0.00 |y THESIS | ||
| 952 | |0 0 |6 LU T BP 158.6 P36 Z21A 2004 |7 0 |8 THESES |9 754451 |a IIUM |b IIUM |c CLOSEACCES |g 0.00 |o lu t BP 158.6 P36 Z21A 2004 |p 00011275310 |r 2017-10-24 |t 1 |v 0.00 |y THESIS | ||
| 952 | |0 0 |1 7 |6 TS DK BP158.6P36Z21A 2004 |7 18 |8 THESES |9 989206 |a IIUM |b IIUM |c MULTIMEDIA |g 0.00 |o ts dk BP158.6P36Z21A 2004 |p 00000913282 |r 1900-01-02 |t 2 |v 0.00 |y THESISDIG | ||
| 952 | |0 0 |1 7 |6 TS DK BP158.6P36Z21A 2004 |7 18 |8 THESES |9 989210 |a IIUM |b IIUM |c MULTIMEDIA |g 0.00 |o ts dk BP158.6P36Z21A 2004 |p 00000911838 |r 1900-01-02 |t 1 |v 0.00 |y THESISDIG | ||
